Statistics for Greek Myth A-Z

Click here to take the quiz!

General Stats

  • This quiz has been taken 33 times
  • The average score is 18 of 23

Answer Stats

HintAnswer% Correct
AGoddess of LoveAphrodite
100%
ZKing of the GodsZeus
100%
HTitan of the sunHelios
97%
NGoddess of VictoryNike
93%
WThe season that happens when Persephone
is with Hades
Winter
93%
GMother natureGaia
90%
IFlew to close to the sunIcarus
90%
JLeader of the ArgonautsJason
90%
KTitan/lord of timeKronos
90%
OMan who made a 10 year struggle to return home
after the end of the trojan war
Odysseus
90%
PGave humans firePrometheus
90%
DGoddess of GrainDemeter
86%
EGod of love confused with CupidEros
86%
UGod of the skyUranus
79%
F3 goddess sisters of the future, death
birth and destiny
Fates
76%
QWhat Percy Jackson gets sent onQuest
76%
RMother of ZeusRhea
69%
TDeep pit of tormentTartarus
69%
MKing of CreteMinos
66%
CFamous witch said to be the daughter of HecateCirce
62%
SMale nature spirtSatyr
41%
LKilled his son and feed him to Zeus
so Zeus made him the first werewolf
Lycaon
24%
BFirst generation of cyclopsBrontes
17%

Score Distribution

Percentile by Number Answered

Percent of People with Each Score

Your Score History

You have not taken this quiz